Edición Langenscheidt, Diccionario manual de las lenguas española y alemana (Record no. 10715)

MARC details
000 -CABECERA
campo de control de longitud fija 01308nam a2200289 a 4500
001 - NÚMERO DE CONTROL
campo de control BRL_1907
005 - FECHA Y HORA DE LA ÚLTIMA TRANSACCIÓN
campo de control 20190320211429.0
008 - DATOS DE LONGITUD FIJA--INFORMACIÓN GENERAL
campo de control de longitud fija 170815s1927----gw-######d---#000-0#spa-#
041 ## - CÓDIGO DE LENGUA
Código de lengua del texto/banda sonora o título independiente spager
044 ## - CÓDIGO DEL PAÍS DE LA ENTIDAD EDITORA/PRODUCTORA
Código MARC del país gw
050 #4 - SIGNATURA TOPOGRÁFICA DE LA BIBLIOTECA DEL CONGRESO
Número de clasificación PC4645.G3
Número de documento/Ítem .D53 1927
245 10 - MENCIÓN DE TÍTULO
Título Edición Langenscheidt, Diccionario manual de las lenguas española y alemana
Resto del título pronunciacion figurada con arreglo al sistema fonetico del metodo Toussaint-Langenscheidt = Taschenworterbuch der spanischen und deutschen Sprache : Mit Angabe der Aussprache nach dem phonetischen System der Methode Toussaint-Langenscheidt
Mención de responsabilidad, etc. refundicion por Eberardo Vogel
250 ## - MENCIÓN DE EDICIÓN
Mención de edición 21a ed.
260 ## - PUBLICACIÓN, DISTRIBUCIÓN, ETC.
Lugar de publicación, distribución, etc. Berlin
Nombre del editor, distribuidor, etc. Langenscheidtsche Verlagsbuchhandlung
Fecha de publicación, distribución, etc. 1927
300 ## - DESCRIPCIÓN FÍSICA
Extensión 2v.
Dimensiones 16 cm.
500 ## - NOTA GENERAL
Nota general v.1 Au2146
500 ## - NOTA GENERAL
Nota general Texto en: español y alemán
500 ## - NOTA GENERAL
Nota general Langenscheidt
500 ## - NOTA GENERAL
Nota general Estado físico: Tiene desprendido el lomo
505 0# - NOTA DE CONTENIDO CON FORMATO
Nota de contenido con formato Contiene: v.1. Español-Aleman, v.2. Alemán-Español
650 14 - PUNTO DE ACCESO ADICIONAL DE MATERIA--TÉRMINO DE MATERIA
Término de materia o nombre geográfico como elemento de entrada Español
Subdivisión de forma Diccionarios
Subdivisión general Alemán
9 (RLIN) 5975
650 14 - PUNTO DE ACCESO ADICIONAL DE MATERIA--TÉRMINO DE MATERIA
Término de materia o nombre geográfico como elemento de entrada Alemán
Subdivisión de forma Diccionarios
Subdivisión general Español
9 (RLIN) 5976
700 1# - PUNTO DE ACCESO ADICIONAL--NOMBRE DE PERSONA
Nombre de persona Vogel, Eberardo
9 (RLIN) 28203
740 0# - PUNTO DE ACCESO ADICIONAL--TÍTULO RELACIONADO O ANALÍTICO NO CONTROLADO
Título relacionado o analítico no controlado Taschenworterbuch der spanischen und deutschen Sprache : Mit Angabe der Aussprache nach dem phonetischen System der Methode Toussaint-Langenscheidt
902 ## - CATALOGADOR
Iniciales GRL
942 ## - ELEMENTOS DE PUNTO DE ACCESO ADICIONAL (KOHA)
Fuente del sistema de clasificación o colocación Library of Congress Classification
Tipo de ítem Koha Libros
Holdings
Estado de retiro Estado de pérdida Estado dañado No para préstamo Localización permanente Ubicación/localización actual Fecha de adquisición Número de inventario Total de préstamos Signatura topográfica completa Código de barras Fecha visto por última vez Precio válido a partir de Tipo de ítem Koha
El ejemplar forma parte de la colección y puede ser consultado según las políticas vigentes.       Biblioteca Centro de Estudios Ruth D. Lechuga Biblioteca Centro de Estudios Ruth D. Lechuga 17/08/2015 v.1 Au2146   PC4645.G3 .D53 1927 (v.1 Au2146) GRL02111 22/03/2019 22/03/2019 Libros